Govt. of
Madhya Pradesh

Normal view MARC view

Entry Topical Term

Number of records used in: 1

001 - CONTROL NUMBER

  • control field: 80795

003 - CONTROL NUMBER IDENTIFIER

  • control field: OSt

005 - DATE AND TIME OF LATEST TRANSACTION

  • control field: 20201218121254.0

008 - FIXED-LENGTH DATA ELEMENTS

  • fixed length control field: 201218|| aca||aabn | a|a d

040 ## - CATALOGING SOURCE

  • Original cataloging agency: OSt
  • Transcribing agency: OSt

150 ## - HEADING--TOPICAL TERM

  • Topical term or geographic name entry element: कहानियॉ

670 ## - SOURCE DATA FOUND

  • Source citation: Work cat.: (OSt): बागेश्‍वर , सिंह 71630, शिखर कथा कोश गुजराती कहानियाॅ (कथा शताब्‍दी -सदीकी श्रेष्‍ठ गुजराती कहानियॉ ), 2017